000 00597nam a2200229Ia 4500
003 OSt
005 20220918223036.0
006 a|||||r|||| 00| 0
007 ta
008 220917b |||||||| |||| 00| 0 eng d
024 _a219,872
037 _cTextual
040 _aARTS
_cARTS
_beng
041 _2eng
_aeng
082 _aV642:1:N6, K6
245 0 _aQuestion of South-West Africa
_b documents and comments
260 _aNew Delhi
_bSindhia House
_c1966
300 _a186p.
_ccm.
650 _aHISTORY
942 _hV642:1:N6, K6
_cTEXL
_2CC
999 _c277176
_d277176